Countries Closest to Vienna - Statistics

General Stats
  • This quiz has been taken 26 times
  • The average score is 19 of 20
Answer Stats
Distance (km) Distance (mi) Country % Correct
0 0 Austria
100%
58 36 Czechia
100%
194 121 Germany
100%
211 131 Poland
100%
39 24 Slovakia
100%
52 33 Hungary
96%
275 171 Italy
96%
150 93 Slovenia
96%
465 287 Switzerland
96%
184 114 Croatia
92%
606 377 France
92%
645 401 Kosovo
92%
520 323 Liechtenstein
92%
556 345 Montenegro
92%
375 233 Romania
92%
318 197 Serbia
92%
329 204 Bosnia and Herzegovina
88%
556 345 San Marino
84%
428 266 Ukraine
84%
635 395 Belarus
76%
No matching quizzes found
Score Distribution
Percent of People with Each Score
Percentile by Number Answered
Your Score History
You have not taken this quiz